Woody Allen (Registro nro. 4763)

Detalles MARC
000 -CABECERA
Longitud fija campo de control 00789nam a2200253 i 4500
003 - • IDENTIFICADOR DELl NÚMERO DE CONTROL
Identificador del número de control CO-BoRNBP
005 - • FECHA Y HORA DE LA ÚLTIMA TRANSACCIÓN
Fecha y hora de la última transacción 20220317000701.0
007 - • CAMPO FIJO DE DESCRIPCIÓN FÍSICA
Campo fijo de descripción física ta
008 - • CÓDIGOS DE INFORMACIÓN DE LONGITUD FIJA
Códigos de información de longitud fija 160601s2004 ck a gr 000 0 spa
020 ## - • NÚMERO INTERNACIONAL NORMALIZADO PARA LIBROS
Número Internacional Normalizado para Libros (ISBN) 9583013137
040 ## - FUENTE DE LA CATALOGACIÓN
Centro catalogador de origen CO-BoRNBP
Lengua de catalogación spa
Normas de descripción rda
Centro transcriptor CO-BoRNBP
082 04 - • NÚMERO DE LA CLASIFICACIÓN DECIMAL DEWEY
Número de clasificación (R) 927.914
Número del ítem W66s
Número de edición 23
100 1# - • PUNTO DE ACCESO PRINCIPAL-NOMBRE DE PERSONA
Nombre de persona Silva Romero, Ricardo
Fechas asociadas al nombre 1973-
Término indicativo de función autor
245 10 - • TITULO PROPIAMENTE DICHO
Título Woody Allen
Resto del título incómodo en el mundo
Mención de responsabilidad, etc. Ricardo Silva Romero
250 ## - • MENCIÓN DE EDICIÓN
Mención de edición Primera edición
264 #1 - PRODUCCIÓN, PUBLICACIÓN , DISTRIBUCIÓN, FABRICACIÓN Y COPYRIGHT
Lugar de producción, publicación, distribución, fabricación Bogotá, Colombia
Nombre del productor, editor, distribuidor, fabricante Panamericana
Fecha de de producción, publicación, distribución, fabricación o copyright 2004
300 ## - • DESCRIPCIÓN FÍSICA
Extensión 113 páginas
Otras características físicas ilustraciones
Dimensiones 22 cm
336 ## - TIPO DE CONTENIDO
Término de tipo de contenido texto
Código de tipo de contenido txt
Fuente rdacontent
337 ## - TIPO DE MEDIO
Nombre del tipo de medio sin mediación
Código del tipo de medio n
Fuente rdamedia
338 ## - TIPO DE SOPORTE
Nombre del tipo de soporte volumen
Código del tipo de soporte nc
Fuente rdacarrier
600 14 - • PUNTO DE ACCESO ADICIONAL DE MATERIA - NOMBRE DE PERSONA
Nombre de persona Allen, Woody
Fechas asociadas al nombre 1935-
Subdivisión de materia general (R ) Biografías
650 14 - • PUNTO DE ACCESO ADICIONAL DE MATERIA - TÉRMINO DE MATERIA
Término de materia o nombre geográfico como elemento inicial Cine
Subdivisión de forma Biografías
Fuente del encabezamiento o término ARMARC
942 ## - ENTRADA DE ELEMENTOS AGREGADOS (KOHA)
Fuente de clasificaión o esquema Dewey Decimal Classification
Koha [por defecto] tipo de item LIbro
Existencias
Perdido Fuente de clasificación o esquema Estado Físico No para préstamo Forma de adquisición Localización permanente Localización actual Localización en estanterías Fecha adquisición Préstamos totales Signatura completa Código de barras Fecha última consulta Número de copia Fecha del precio de reemplazo Tipo de item de Koha
  Dewey Decimal Classification     Colección General Biblioteca Pública Mapiripan Biblioteca Pública Mapiripan General 01/10/2024   927.914 W66s MAP00001621 01/10/2024 Ej.1 01/10/2024 LIbro
  Dewey Decimal Classification     Colección General Biblioteca Pública Uribe - Reinerio Arenas Biblioteca Pública Uribe - Reinerio Arenas General 08/26/2024   927.914 W66s URI01283 08/26/2024 Ej.1 08/26/2024 LIbro









Instituto Departamental de Cultura del Meta - Red Departamental de Bibliotecas Públicas del Meta.